Aurillac ou Saint-Nazaire - Statistiques

Statistiques générales
  • Ce quiz a été pris 46 fois
  • Le résultat moyen est 18 sur 20
Statistiques - réponses
Hint Réponse % Correct
Journal local: La Montagne Aurillac
100%
Est traversée par la Jordanne Aurillac
100%
Dans le Cantal Aurillac
98%
En Loire-Atlantique Saint-Nazaire
98%
Les Chantiers de l'Atlantique Saint-Nazaire
98%
Journal local: Ouest-France Saint-Nazaire
98%
On y trouve l'estuaire de la Loire Saint-Nazaire
98%
A un club de Rugby en Pro D2 Aurillac
90%
Organise tous les ans le Festival international de théâtre de rue Aurillac
90%
Zaho de Sagazan est y née Saint-Nazaire
90%
Sous-Préfecture de son département Saint-Nazaire
88%
Préfecture de son département Aurillac
85%
A une altitude moyenne de 680 mètres Aurillac
85%
Très souvent la ville la plus froide de France quand on regarde la météo Aurillac
85%
Est proche du Parc naturel régional de Brière Saint-Nazaire
85%
La plus éloignée de Paris Aurillac
83%
La plus peuplée des 2 Saint-Nazaire
83%
Champion de France de Volley en 2024 Saint-Nazaire
80%
Est jumelée avec Sunderland Saint-Nazaire
80%
Capitale française historique du parapluie Aurillac
78%
Aucun quiz correspondant
Distribution des résultats
% des personnes avec chaque résultat
Percentile par nombre de réponses
Votre historique - résultats
Vous n’avez pas pris ce quiz